Word Laddyrinth XII Quiz Stats

 Plays Quiz Updated May 10, 2017

Challenge
Share
Tweet
Embed
Score 0/192 Timer 07:00
6 Plays Today
% Correct
two plus three
99.9%
FINISH
99.8%
inferno
98.8%
home for a bee
98.8%
FIVE
98.8%
plunge headlong
98.8%
0~O~0~O~0~O~0
98.4%
0~O~0~O~0~O~0
98.4%
possess
98.2%
HIVE
98%
0~O~0~O~0~O~0
97.5%
0~O~0~O~0~O~0
97.5%
taxi charge
96.2%
FIRE
96.2%
0~O~0~O~0~O~0
96.2%
0~O~0~O~0~O~0
96.2%
fog
95.4%
HAVE
95.3%
0~O~0~O~0~O~0
92.4%
0~O~0~O~0~O~0
92.4%
audacious challenge
92.4%
FARE
92.3%
DIVE
91.6%
0~O~0~O~0~O~0
84.9%
0~O~0~O~0~O~0
84.9%
0~O~0~O~0~O~0
84.6%
0~O~0~O~0~O~0
84.6%
0~O~0~O~0~O~0
84.3%
0~O~0~O~0~O~0
84.3%
labyrinth
83.8%
0~O~0~O~0~O~0
83.7%
0~O~0~O~0~O~0
83.7%
fabricate
83.6%
HAZE
83.5%
MAZE
83.3%
walking stick
82.1%
0~O~0~O~0~O~0
82%
0~O~0~O~0~O~0
82%
birthday treat
82%
CAKE
81.9%
rouse
81.9%
MAKE
81.7%
ice cream holder
81.7%
lacking light
81.6%
trail
81.5%
CANE
81.5%
DARE
81.4%
0~O~0~O~0~O~0
81.3%
0~O~0~O~0~O~0
81.3%
finished
81.1%
encrypt
81.1%
CONE
81.1%
recreational land
80.8%
DARK
80.7%
0~O~0~O~0~O~0
80.5%
0~O~0~O~0~O~0
80.5%
solitary
80.1%
section
79.8%
DONE
79.8%
PARK
79.7%
0~O~0~O~0~O~0
78.5%
0~O~0~O~0~O~0
78.5%
0~O~0~O~0~O~0
77.5%
0~O~0~O~0~O~0
77.5%
% Correct
lengthy
77.5%
queue
77.4%
LONE
77.4%
ear feature
77.4%
vital organ
77.2%
LONG
77.2%
step in a ladder
76.9%
suspended
76.8%
LUNG
76.8%
ship's home
76.3%
PART
76.3%
breathe laboriously
76.3%
method
76.2%
relinquish
76.1%
CODE
76.1%
chime
75.5%
RUNG
75.3%
peel
74.9%
avian appendage
74.6%
RING
74.6%
0~O~0~O~0~O~0
73.7%
0~O~0~O~0~O~0
73.7%
0~O~0~O~0~O~0
73.2%
0~O~0~O~0~O~0
73.2%
LOBE
73.2%
0~O~0~O~0~O~0
73.2%
0~O~0~O~0~O~0
73.2%
0~O~0~O~0~O~0
72.9%
0~O~0~O~0~O~0
72.9%
PORT
72.8%
PANT
70.4%
MODE
70.3%
beauty mark
70.3%
WING
68.6%
0~O~0~O~0~O~0
68.5%
0~O~0~O~0~O~0
68.5%
__ over matter
68.5%
not severe
68.4%
MOLE
68.4%
MIND
68.3%
repair
68.3%
RIND
68.2%
0~O~0~O~0~O~0
67.6%
0~O~0~O~0~O~0
67.6%
LINE
66.5%
MEND
66.5%
WAKE
65.5%
0~O~0~O~0~O~0
65.2%
0~O~0~O~0~O~0
65.2%
droop
64.9%
untamed
64.7%
MILD
64.5%
fuse metal
64.5%
WILD
64.5%
0~O~0~O~0~O~0
63.6%
0~O~0~O~0~O~0
63.6%
HUNG
63.4%
slant
62.8%
work the soil
62.3%
WILT
62.1%
0~O~0~O~0~O~0
62.1%
0~O~0~O~0~O~0
62.1%
coloration
61.6%
TILT
61.4%
% Correct
high in stature
60.1%
LANE
59.3%
TILL
59%
speak
58.8%
spherical plaything
58.7%
0~O~0~O~0~O~0
58.7%
0~O~0~O~0~O~0
58.7%
0~O~0~O~0~O~0
58.6%
0~O~0~O~0~O~0
58.6%
0~O~0~O~0~O~0
58.6%
0~O~0~O~0~O~0
58.6%
deed
58.6%
TALL
58.5%
TALK
58.4%
WELD
57.8%
0~O~0~O~0~O~0
57.5%
0~O~0~O~0~O~0
57.5%
church toller
57.3%
BALL
57.2%
clue
56.2%
TINT
56%
suspenders alt.
54.3%
shout
54.2%
BELL
54.2%
search for
54.1%
HINT
54%
nut's partner
52.9%
BELT
52.7%
YELL
50%
injure
49.8%
HUNT
49.8%
0~O~0~O~0~O~0
49.4%
0~O~0~O~0~O~0
49.4%
HURT
49.3%
audacious
49.2%
BOLT
49.2%
0~O~0~O~0~O~0
48.7%
0~O~0~O~0~O~0
48.7%
CEDE
48.5%
BOLD
48.5%
0~O~0~O~0~O~0
42.3%
0~O~0~O~0~O~0
42.3%
ivory source
42.1%
lie in the sun
42%
TASK
41.9%
twilight
41.6%
TUSK
41.5%
0~O~0~O~0~O~0
41.4%
0~O~0~O~0~O~0
41.4%
office table
41.4%
DUSK
41.4%
platform
41.3%
DESK
41.2%
BASK
39.5%
0~O~0~O~0~O~0
32.7%
0~O~0~O~0~O~0
32.7%
mallard
32.6%
DECK
32.6%
head-torso connector
32.6%
NECK
32.3%
good fortune
32.2%
DUCK
32.2%
WELL DONE
31.9%
LUCK
31.8%

You're not logged in!

Compare scores with friends on all Sporcle quizzes.
Join for Free
OR
Log In

You Might Also Like...

Show Comments

Extras

Top Quizzes Today


Score Distribution

Your Account Isn't Verified!

In order to create a playlist on Sporcle, you need to verify the email address you used during registration. Go to your Sporcle Settings to finish the process.

Report this User

Report this user for behavior that violates our Community Guidelines.

Details: